|
|
|
|
| LEADER |
00000nam0a2200000 4500 |
| 001 |
366998 |
| 005 |
20231102011934.0 |
| 035 |
|
|
|a (RuTPU)RU\TPU\retro\24361
|
| 090 |
|
|
|a 366998
|
| 100 |
|
|
|a 20220225d1979 km y0rusy50 ca
|
| 101 |
0 |
|
|a rus
|
| 102 |
|
|
|a RU
|
| 105 |
|
|
|a a z 001zy
|
| 200 |
1 |
|
|a Бактериопланктон ангарских водохранилищ и статистические методы его анализа
|f О. М. Кожова, Л. М. Мамонтова
|g Академия наук СССР, Гидрохимический институт
|
| 210 |
|
|
|a Ленинград
|c Гидрометеоиздат
|d 1979
|
| 215 |
|
|
|a 120 с.
|c ил.
|
| 320 |
|
|
|a Библиогр.: с. 109-118
|
| 606 |
1 |
|
|a Бактериопланктон
|2 stltpush
|3 (RuTPU)RU\TPU\subj\27986
|9 51613
|
| 610 |
1 |
|
|a Ангара
|
| 610 |
1 |
|
|a водохранилища
|
| 610 |
1 |
|
|a анализ
|
| 610 |
1 |
|
|a статистические методы
|
| 610 |
1 |
|
|a среда обитания
|
| 610 |
1 |
|
|a распределение
|
| 610 |
1 |
|
|a численность
|
| 610 |
1 |
|
|a биомасса
|
| 675 |
|
|
|a 579
|v 4
|
| 700 |
|
1 |
|a Кожова
|b О. М.
|g Ольга Михайловна
|
| 701 |
|
1 |
|a Мамонтова
|b Л. М.
|g Лилия Михайловна
|
| 712 |
0 |
2 |
|a Академия наук СССР
|b Гидрохимический институт
|c (Новочеркасск/Ростов-на-Дону)
|c (1920-1991)
|2 stltpush
|3 (RuTPU)RU\TPU\col\13492
|9 25695
|
| 801 |
|
1 |
|a RU
|b 63413507
|c 20220225
|
| 942 |
|
|
|c BK
|